MARC details
| 000 -LEADER |
| fixed length control field |
01563nam a2200277 a 4500 |
| 008 - FIXED-LENGTH DATA ELEMENTS--GENERAL INFORMATION |
| fixed length control field |
060316s1991 ||||||||||||||||| || u |
| 020 ## - INTERNATIONAL STANDARD BOOK NUMBER |
| International Standard Book Number |
0582089522 |
| 020 ## - INTERNATIONAL STANDARD BOOK NUMBER |
| International Standard Book Number |
0470217987 |
| 050 ## - LIBRARY OF CONGRESS CALL NUMBER |
| Classification number |
HD 108.15 Lar |
| 100 ## - MAIN ENTRY--PERSONAL NAME |
| Personal name |
Larsson, Gerhard, 1920- |
| 245 10 - TITLE STATEMENT |
| Title |
Land registration and cadastral systems : tools for land information and management / |
| 260 ## - PUBLICATION, DISTRIBUTION, ETC. |
| Place of publication, distribution, etc. |
Harlow, Essex, England : |
| Name of publisher, distributor, etc. |
Longman Scientific & Technical |
| Date of publication, distribution, etc. |
1991. |
| 300 ## - PHYSICAL DESCRIPTION |
| Extent |
xi, 175 p. : ill. |
| 350 ## - |
| -- |
0.00 |
| 500 ## - GENERAL NOTE |
| General note |
Includes bibliographical references (p. 168-172) |
| 650 ## - SUBJECT ADDED ENTRY--TOPICAL TERM |
| Topical term or geographic name entry element |
Land titles-- Registration and transfer - Data processing |
| 650 ## - SUBJECT ADDED ENTRY--TOPICAL TERM |
| Topical term or geographic name entry element |
INFORMATION STORAGE AND RETRIEVAL SYSTEMS--LAND USE |
| 650 ## - SUBJECT ADDED ENTRY--TOPICAL TERM |
| Topical term or geographic name entry element |
CADASTRES--DATA PROCESSING |
| 650 ## - SUBJECT ADDED ENTRY--TOPICAL TERM |
| Topical term or geographic name entry element |
Land titles--Registration and transfer--Data processing |
| 650 ## - SUBJECT ADDED ENTRY--TOPICAL TERM |
| Topical term or geographic name entry element |
Information storage and retrieval systems - Land use |
| 650 ## - SUBJECT ADDED ENTRY--TOPICAL TERM |
| Topical term or geographic name entry element |
Land use--Data processing |
| 995 ## - |
| -- |
MAIN LIBRARY OPEN ACCESS |
| -- |
0.00 |
| -- |
727073 |
| -- |
CBU-MAIN LIBRARY (Kitwe) |
| -- |
1 |
| -- |
19.99 |
| -- |
HD 108.15 Lar |
| -- |
1 |
| -- |
AVAILABLE |
| -- |
018299 |
| -- |
Main Library Open Access Collection |
| 995 ## - |
| -- |
MAIN LIBRARY OPEN ACCESS |
| -- |
0.00 |
| -- |
728848 |
| -- |
CBU-MAIN LIBRARY (Kitwe) |
| -- |
1 |
| -- |
20.99 |
| -- |
HD 108.15 Lar |
| -- |
2 |
| -- |
AVAILABLE |
| -- |
020703 |
| -- |
Main Library Open Access Collection |
| 995 ## - |
| -- |
ANNEX COLLECTION (Main Library) |
| -- |
0.00 |
| -- |
728850 |
| -- |
CBU-MAIN LIBRARY (Kitwe) |
| -- |
3 |
| -- |
20.99 |
| -- |
HD 108.15 Lar |
| -- |
3 |
| -- |
AVAILABLE |
| -- |
020704 |
| -- |
Annex Low-Usage Collection |
| 995 ## - |
| -- |
ANNEX COLLECTION (Main Library) |
| -- |
0.00 |
| -- |
728849 |
| -- |
CBU-MAIN LIBRARY (Kitwe) |
| -- |
2 |
| -- |
20.99 |
| -- |
HD 108.15 Lar |
| -- |
4 |
| -- |
AVAILABLE |
| -- |
020707 |
| -- |
Annex Low-Usage Collection |
| 999 ## - |
| -- |
80590 |
| -- |
80590 |